000 01881nam0a2200385 4500
001 RU\NLR\bibl\1868642
005 20260408053624.0
010 _a978-5-8192-0419-1
_9300
021 _aRU
_b2012-15618
_91174
035 _a(NLR Aleph) 001858499
090 _a2498893
_c2498893
100 _a20120213d2011 |||y0rusy50 ca
101 0 _arus
102 _aRU
105 _ay |||||||||
135 _acrbn 001anaba
200 1 _aТруды Первого Всероссийского съезда по библиотечному делу, 1-7 июня 1911г.
_eизбранные материалы
210 _aСанкт-Петербург
_cРоссийская национальная библиотека
_d2011
215 _a216 с.
_cил.
_d20
225 1 _aСерия "Библиотековедение: изучая прошлое - созидаем будущее"
_vвып. 3
300 _aВ надзаг.: Рос. нац. б-ка
325 1 _aКопия доступна в электронной библиотеке РНБ
606 1 _aБиблиотечное дело
_xИстория
_yРоссия
_92093055
_3RU\NLR\auth\661266684
686 _aЧ733(2)5я431
710 1 2 _aВсероссийский съезд по библиотечному делу
_d1
_f1911
_eПетербург
_3RU\NLR\AUTH\8810199998
_9288388
801 0 _aRU
_bNLR
_c20120213
_gRCR
801 1 _aRU
_bNLR
_c20120213
901 _eКнижные издания
942 _cBOOK
980 _aNB
980 _aNBR
981 1 8 _a(18) Планета РНБ
_b(18) Труды сотрудников РНБ